|
|
|
|
| LEADER |
00000cam a2200000 7i4500 |
| 001 |
0000125260 |
| 005 |
20090820.0 |
| 020 |
|
|
|a 9781845900649
|
| 090 |
0 |
0 |
|a 158.1
|b FIN
|
| 100 |
1 |
|
|a Finnigan, Michael
|
| 245 |
1 |
0 |
|a They did you can :
|b how to achieve whatever you want in life with the help of your sporting heroes
|c Michael Finnigan
|
| 260 |
|
|
|a Wales :
|b Crown House Publishing Ltd. ,
|c 2007
|
| 300 |
|
|
|a 165p. ;
|c 24cm.
|
| 650 |
0 |
0 |
|a Personality and motivation
|
| 650 |
0 |
0 |
|a Self-actualization (Psychology)
|
| 650 |
0 |
0 |
|a Success
|x Psychological aspects
|
| 999 |
|
|
|a 00220808
|b BUKU
|c PINJAMAN
|e PERPUSTAKAAN KOMUNITI PETALING JAYA
|